01365nam a22003617a 4500003000900000005001700009008004100026020001500067020001800082040004300100043001200143082002000155100004600175245009800221264005100319300002400370336002600394337002800420338002700448505007500475650001000550651008100560653002300641655002400664700005300688740001700741740001900758740002100777740001500798942001200813999001700825952016100842EG-ScBUE20220124133824.0110606s1999 nyu f 000 f eng d a1883011744 a9781883011741 aEG-ScBUEbengerdacEG-ScBUEdEG-ScBUE af-ua---04222a813.52bCAT1 924748aCather, Willad1873-1947,eauthor.10aNovels & Stories, 1905-1918 /cWilla Cather; [wrote the notes for this volume Sharon O'Brien] 1aNew York, NY :bThe Library of America,c1999. a975 pages ; c20 cm 2rdacontentatextbtxt 2rdamediaaunmediatedbn 2rdacarrieravolumebnc0 aThe Troll Garden -- O pioneers! -- The Song of the Lark -- My Antonia. 2BUEsh 7924526aUnited StatesxSocial life and customsy20th centuryvFiction.2BUEsh cJune2011bHHUUEENN vReading book9342321 924747aO'Brien, Sharon,ewriter of introduction. aTroll Garden aO pioneers!  aSong of the lark aMy Antonia 2ddccBB c15552d15552 00102ddc40708BaccahaMAINbMAINc2NDd2011-06-06epurchaseg146.00h12344l1m26o813.52 CATp000024065r2025-07-15 00:00:00s2019-06-25w2011-06-06yBB